জাতকের গল্প/ (Record no. 17902)

MARC details
000 -LEADER
fixed length control field 00833nam a22001937a 4500
003 - CONTROL NUMBER IDENTIFIER
control field BDDh-ASL
005 - DATE AND TIME OF LATEST TRANSACTION
control field 20231015025644.0
008 - FIXED-LENGTH DATA ELEMENTS--GENERAL INFORMATION
fixed length control field 200915b1964 ||||| b||| 00| 0 d
040 ## - CATALOGING SOURCE
Original cataloging agency BDDh-ASL
Transcribing agency BDDh-ASL
Modifying agency BDDh-ASL
041 ## - LANGUAGE CODE
Language code of text/sound track or separate title bengali
082 ## - DEWEY DECIMAL CLASSIFICATION NUMBER
Classification number 294.3
Item number BAJ
245 1# - TITLE STATEMENT
Title জাতকের গল্প/
Statement of responsibility, etc. শ্রীগিরিশচন্দ্র বড়ুয়া (অনুবাদ),
260 ## - PUBLICATION, DISTRIBUTION, ETC.
Place of publication, distribution, etc. ঢাকা:
Name of publisher, distributor, etc. বাংলা একাডেমী,
Date of publication, distribution, etc. ১৯৬৪।
300 ## - PHYSICAL DESCRIPTION
Extent ৮৯ পৃষ্ঠা:
Dimensions ২২ সে. মি.।
504 ## - BIBLIOGRAPHY, ETC. NOTE
Bibliography, etc. note গ্রন্থপঞ্জি সংযুক্ত।
650 #0 - SUBJECT ADDED ENTRY--TOPICAL TERM
9 (RLIN) 712
Topical term or geographic name entry element বৌদ্ধতত্ত্ব
General subdivision বৌদ্ধ ধর্ম
700 1# - ADDED ENTRY--PERSONAL NAME
9 (RLIN) 736
Personal name বড়ুয়া, শ্রীগিরিশচন্দ্র
942 ## - ADDED ENTRY ELEMENTS (KOHA)
Source of classification or shelving scheme Dewey Decimal Classification
Koha item type Books
Holdings
Withdrawn status Lost status Source of classification or shelving scheme Damaged status Not for loan Collection code Home library Current library Shelving location Date acquired Source of acquisition Total Checkouts Full call number Barcode Date last seen Copy number Price effective from Koha item type
    Dewey Decimal Classification   Not For Loan Non-fiction Asiatic Society Library Asiatic Society Library General Stacks 09/15/2020 Complementary   294.3 BAJ 101041 09/15/2020 C-1 09/15/2020 Books

Powered by Koha